00893nam a22002531 450000100060000000300080000600500170001400800390003103500190007004000320008904100080012108200200012910000270014924500740017626000400025030000310029049000500032150400200037165000220039170000470041394200120046099900170047295201500048916075BD-RjUL20211208235940.0140211t1968 njua b 001 0 eng a(BD-RjUL)16130 aDLCcDLCdDLCdBD-RjULbeng aeng00a658.8bALM 19681 aAlderson, Wroe.94956410aMen, motives, and markets /c Wroe Alderson [and] Michael H. Halbert. aNew Delhi :bPrentice-Hall,cc1968. a118 p. :billus. ;c23 cm.0 aPrentice-Hall foundations of marketing series aIncludes index. 0aMarketing.9497531 aHalbert, Michael H.,ejoint author.949754 2ddccBK c16075d16075 00102ddc40718NFICaRUCLbRUCLcReadingd1983-01-05eKonowledge view dhakag28.50l0o658.8 ALM 1968r2014-02-11 00:00:00tC-1w2014-02-11yBK